|
|
|
|
| LEADER |
01886cas a2200301 a 4500 |
| 001 |
AALejournalIMF020037 |
| 008 |
230101c9999 xx r poo 0 0eng d |
| 020 |
|
|
|c 5.00 USD
|
| 020 |
|
|
|z 9781498338172
|
| 022 |
|
|
|a 2663-3493
|
| 040 |
|
|
|a BD-DhAAL
|c BD-DhAAL
|
| 110 |
2 |
|
|a International Monetary Fund.
|
| 245 |
1 |
4 |
|a The Fund's Income Position for FY 2012 :
|b Midyear Review.
|
| 264 |
|
1 |
|a Washington, D.C. :
|b International Monetary Fund,
|c 2011.
|
| 300 |
|
|
|a 1 online resource (10 pages)
|
| 490 |
1 |
|
|a Policy Papers
|
| 500 |
|
|
|a <strong>Off-Campus Access:</strong> No User ID or Password Required
|
| 500 |
|
|
|a <strong>On-Campus Access:</strong> No User ID or Password Required
|
| 506 |
|
|
|a Electronic access restricted to authorized BRAC University faculty, staff and students
|
| 520 |
3 |
|
|a This paper updates the outlook for the Fund's income position for FY 2012. The overall outlook is broadly unchanged, with the FY 2012 net operational income now projected at SDR 500 million compared with the projection of SDR 482 million in April 2011. This primarily reflects additional lending activity, which is partially offset by lower implicit returns on the Fund's interest-free resources owing to the prevailing interest rate environment.1 The actual outcome is subject to considerable uncertainty in light of conditions in the global economy, which could affect the timing and amounts of disbursements under current and potential new arrangements and the performance of the Investment Account (IA).
|
| 538 |
|
|
|a Mode of access: Internet
|
| 650 |
|
7 |
|a Financial Year
|2 imf
|
| 650 |
|
7 |
|a Income Position
|2 imf
|
| 650 |
|
7 |
|a Income
|2 imf
|
| 650 |
|
7 |
|a Interest Rate
|2 imf
|
| 650 |
|
7 |
|a PP
|2 imf
|
| 830 |
|
0 |
|a Policy Papers; Policy Paper ;
|v No. 2011/036
|
| 856 |
4 |
0 |
|z Full text available on IMF
|u http://elibrary.imf.org/view/journals/007/2011/036/007.2011.issue-036-en.xml
|z IMF e-Library
|